000 00695 a2200217 4500
005 20260413171036.0
008 260413b |||||||| |||| 00| 0 eng d
020 _a978-1-63936-582-1 (hbk)
037 _cTB
040 _aCRL
_cCRL
041 _2eng
_aeng
084 _aR3xC53:g R4
_qCRL
100 _aGatton, Matt
_91115737
245 _aShadows of socrates: the heresy, war and treachery behind the trial of socrates
260 _aNew York:
_bPegasus Books ,
_c2024.
300 _a296p.
365 _b2716.76
_cINR
650 _aPhilosophy
942 _cTB
_2CC
_hR3xC53:g R4
999 _c1679628
_d1679628